LEADER 01718nam a2200337 i 4500 001 000000121391 003 CaOOAMICUS 005 20100826000000.0 008 100826s1995 it u000 u mul u 013 $a94086 020 $a88-18-70094-4 040 $aSeMil$bita 100 1 $aKant, Immanuel,$d<1724-1804>.$0(OLS)http://semarc/name/2543 240 10$aProlegomena zu einer jeden künftigen Metaphysik, die als Wissenschaft wird auftreten können.$0(OLS)http://semarc/title/109898 245 10$aProlegomeni ad ogni metafisica futura che si presenterà come scienza /$cImmanuel Kant ; introduzione, traduzione, note e allegati di Piero Martinetti ; postfazione e apparati di Massimo Roncoroni. 260 $aMilano :$bRusconi Libri,$c1995. 300 $a470 p. ;$c21 cm. 490 0 $aTesti a fronte ;$v14 500 $aContiene : Bibliografia. - Testo tedesco a fronte. - Fondo Card. C.M. Martini. 650 4$aKant, Immanuel <1724-1804> - Metafisica.$0(OLS)http://semarc/subject/8776 650 4$aConoscenza - Filosofia.$0(OLS)http://semarc/subject/1877 700 1 $aRoncoroni, Massimo.$0(OLS)http://semarc/name/45677 700 1 $aMartinetti, Piero,$d<1871-1943>.$0(OLS)http://semarc/name/4975 830 0$aTesti a fronte ;$v14.$0(OLS)http://semarc/title/593 850 $aSeMil 852 $aSeMil$W1$xVenegono$y1$m2P I 44$j76473$B76473$CSeMilBibl$Z2$F77886 $81 941 1 $a4 961 $aOmaggio: Martini Card. Carlo Maria 996 $6020$a88-18-70094-4$9(OLS)http://semarc/number/106802 996 $6245$aProlegomeni ad ogni metafisica futura che si presenterà come scienza$9(OLS)http://semarc/title/178696 996 $6260$aMilano :$bRusconi Libri$9(OLS)http://semarc/publisher/29846 LEADER 01123nam a2200241 i 4500 001 000000121746 003 CaOOAMICUS 005 20050908000000.0 008 050908s1961 fr u000 u fre u 013 $a94441 040 $aSeMil$bita 100 1 $aRougemont, Denis : de.$0(OLS)http://semarc/name/34897 240 00$aVingt-Huit Siècles d'Europe.$0(OLS)http://semarc/title/179302 245 10$aVingt-huit siècles d'Europe :$bla conscience européenne a travers les textes : d'Hésiode a nos jours /$cDenis de Rougemont. 260 $aParis :$bPayot,$c1961. 300 $a427p., [1] c. di tav. :$bill. ;$c23 cm. 490 0 $aBibliothèque historique 650 4$aEuropa - Civiltà.$0(OLS)http://semarc/subject/1806 830 0$aBibliothèque historique.$0(OLS)http://semarc/title/9280 850 $aSeMil 852 $aSeMil$W1$xVenegono$y1$m2R III 209$j76805$B76805$CSeMilBibl$Z2$F78256 $81 996 $6245$aVingt-huit siècles d'Europe :$bla conscience européenne a travers les textes : d'Hésiode a nos jours$9(OLS)http://semarc/title/179303 996 $6260$aParis :$bPayot$9(OLS)http://semarc/publisher/29980